Diccionario moderno Langenscheidt de los idiomas alemán y español. (Record no. 56338)

MARC details
000 -LEADER
campo de control de longitud fija 01007nam a2200289 i 4500
001 - NÚMERO DE CONTROL
campo de control 56338
003 - IDENTIFICADOR DE NÚMERO DE CONTROL
campo de control ES-MaACL
005 - FECHA Y HORA DE LA ÚLTIMA TRANSACCIÓN
campo de control 20230906163335.0
007 - CAMPO FIJO DE DESCRIPCIÓN FÍSICA--INFORMACIÓN GENERAL
campo de control de longitud fija t|
008 - DATOS DE LONGITUD FIJA--INFORMACIÓN GENERAL
campo de control de longitud fija 031007s1973 gw d ||||1| spa d
020 ## - NÚMERO INTERNACIONAL ESTÁNDAR DEL LIBRO
Número Internacional Estándar del Libro 84-266-7711-8
080 ## - NÚMERO DE LA CLASIFICACIÓN DECIMAL UNIVERSAL
Número de la Clasificación Decimal Universal 803.0-3=60
080 ## - NÚMERO DE LA CLASIFICACIÓN DECIMAL UNIVERSAL
Número de la Clasificación Decimal Universal 806.0-3=30
100 1# - ENTRADA PRINCIPAL--NOMBRE DE PERSONA
Nombre de persona Schoen, Th.
9 (RLIN) 104607
245 10 - MENCIÓN DEL TÍTULO
Título Diccionario moderno Langenscheidt de los idiomas alemán y español.
250 ## - MENCION DE EDICION
Mención de edición 4ª ed.
260 ## - PUBLICACIÓN, DISTRIBUCIÓN, ETC.
Lugar de publicación, distribución, etc. Berlín :
Nombre del editor, distribuidor, etc. Langenscheidt,
Fecha de publicación, distribución, etc. 1973.
300 ## - DESCRIPCIÓN FÍSICA
Extensión 1024 p. ;
Dimensiones 19 cm.
505 8# - NOTA DE CONTENIDO CON FORMATO
Nota de contenido con formato Contiene: Primera parte. Español-alemán / por Th. Schoen y T. Noeli ; refundición por Dr. Hermann Willers . [Segunda parte. Alemán-español / por Fr. Wiske y T. Noeli]
650 #4 - PUNTO DE ACCESO ADICIONAL DE MATERIA--TÉRMINO DE MATERIA
Término de materia o nombre geográfico como elemento de entrada Lengua alemana-
Subdivisión de forma Diccionarios-
Subdivisión general Español.
9 (RLIN) 14082
650 #4 - PUNTO DE ACCESO ADICIONAL DE MATERIA--TÉRMINO DE MATERIA
Término de materia o nombre geográfico como elemento de entrada Lengua española-
Subdivisión de forma Diccionarios-
Subdivisión general Alemán.
9 (RLIN) 14138
700 1# - ENTRADA AGREGADA--NOMBRE PERSONAL
Nombre de persona Noeli, T.
9 (RLIN) 85831
700 1# - ENTRADA AGREGADA--NOMBRE PERSONAL
Nombre de persona Wiske, Friedrich.
9 (RLIN) 174711
700 1# - ENTRADA AGREGADA--NOMBRE PERSONAL
Nombre de persona Willers, Hermann.
9 (RLIN) 116896
852 4# - LOCALIZACIÓN
Ubicación ES-MaACL
Número de control de estantería E-5440
852 4# - LOCALIZACIÓN
Ubicación ES-MaACL
Número de control de estantería L-257
Holdings
Estatus retirado Estado de pérdida Estado de daño No para préstamo Colección Biblioteca de origen Biblioteca actual Ubicación en estantería Fecha de adquisición Fuente de adquisición Total de préstamos Signatura topográfica completa Código de barras Visto por última vez Precio de reemplazo Tipo de ítem Koha
        Colección de referencia Biblioteca del Ateneo de Madrid Biblioteca del Ateneo de Madrid Depósito 2 17/01/2008     E-5440 1059174 23/02/2023 23/02/2023 Libro impreso
        Colección de referencia Biblioteca del Ateneo de Madrid Biblioteca del Ateneo de Madrid Depósito 2 17/01/2008     L-257 1059175 23/02/2023 23/02/2023 Libro impreso